Clubs de Bundesliga 2 - Statistiques

Statistiques générales
  • Ce quiz a été pris 43 fois
  • Le résultat moyen est 8 sur 18
Statistiques - réponses
Réponse % Correct
Hamburger SV
91%
Schalke 04
76%
FC Nürnberg
64%
FC St. Pauli
64%
Greuter Fürth
58%
Kaiserslautern
58%
Hertha Berlin
52%
Fortuna Düsseldorf
45%
Hansa Rostock
45%
Hannover 96
42%
Holstein Kiel
42%
SC Paderborn
39%
Karlsruher SC
33%
Eintracht Braunschweig
27%
VfL Osnabrück
24%
SV Elversberg
21%
FC Magdeburg
18%
SV Wiesbaden
12%
Aucun quiz correspondant
Distribution des résultats
% des personnes avec chaque résultat
Percentile par nombre de réponses
Votre historique - résultats
Vous n’avez pas pris ce quiz